000 00362nam a2200121Ia 4500
005 20260328101459.0
008 260328s9999||||xx |||||||||||||| ||und||
100 _aMinisterio de Vivienda
245 0 _aDocumento Gráfico de zonificación para la Ciudad de Panamá /
_cMinisterio de Vivienda
260 _bMinisterio de Vivienda
650 _aURBANISMO
942 _cBK
999 _c8914
_d8914